Guess the city by sports teams abbreviations #2 - Statistics

General Stats
  • This quiz has been taken 17 times
  • The average score is 8 of 10
Answer Stats
NBA NFL NHL MLB City % Correct
B B B C / WS Chicago
100%
M C S R Dallas
93%
J Jacksonville
93%
W C C N Washington DC
93%
N B A R Denver
87%
H F B Atlanta
80%
T P Nashville
80%
J Winnipeg
73%
B S Buffalo
67%
T Oklahoma City
67%
No matching quizzes found
Score Distribution
Percent of People with Each Score
Percentile by Number Answered
Your Score History
You have not taken this quiz